Švec, Štefan: Základné pojmy v pedagogike a andragogike. - Bratislava : IRIS, 1995. - 276 s.

Bibliographic Details
Main Author: Kulich, Jindra (Author)
Format: Article
Language:Slovak
Subjects:

MARC

LEADER 00000nab a2200000 a 4500
001 vtls001502886
003 SK-MaSNL
005 20260304133731.0
008 250505s1996 xo 000 0 slo
035 |a SPKCL5213 
035 |a urn:nbn:sk:snk-abaf6l 
035 |a (urnnbn)urn:nbn:sk:snk:ar-a0aske 
035 |a (uuid)763309e4-fa91-4271-86b2-231419c1d0b1 
040 |a SNKBUCL  |b slo  |c SNKBUCL  |e AACR2 
041 0 |a slo 
044 |a xo  |c SK 
080 |a 37:37.013.83:801.316.4  |2 1981 
100 1 |a Kulich, Jindra  |4 aut  |9 1119240 
245 1 0 |a Švec, Štefan: Základné pojmy v pedagogike a andragogike. - Bratislava : IRIS, 1995. - 276 s.  |c Jindra Kulich 
650 0 7 |a pedagogika  |2 snkbucl  |9 955 
650 0 7 |a andragogika  |2 snkbucl  |9 67508 
650 0 7 |a slovníky  |2 snkbucl  |9 75778 
655 7 |a recenzie  |2 snkbucl  |9 21907 
773 0 |t Vzdelávanie dospelých  |g Roč. 1, č. 1 (1996), s. 46-47 
787 0 8 |i Rec.:  |a Švec, Štefan  |t Základné pojmy v pedagogike a andragogike  |d Bratislava : IRIS, 1995 
850 |a Slovenská národná knižnica 
852 |a Slovenská národná knižnica 
954 |a odborná, vedecká literatúra pôvodná (slovenská)  |2 lita 
958 |a article14 
958 |a OND 
958 |a EUIPO 
999 |c 2903444  |d 2905374